000 00590 a2200181 4500
001 068657
003 OSt
005 20220311135409.0
008
082 _a576.50151
_bL26M
100 1 _aLange, Kenneth
245 1 _aMathematical and statistical methods for genetic analysis
_cby Kenneth Lange
250 _a2nd ed.
260 _aNew Delhi
_bSpringer
_c2004
300 _a367p.
653 _aGenetics--Statistical methods; Genetics--Mathematics; Genetics--Mathematical models; Statistics; Mathematical statistics; Human genetics
942 _2ddc
_cBK
999 _c2311
_d2311